000 00826nam a22002297i 4500
003 EG-ScBUE
005 20250720113135.0
008 101111s1964 enka f b 001 0 eng d
040 _aEG-ScBUE
_beng
_erda
_cEG-ScBUE
_dEG-ScBUE
082 0 4 _a541.223
_bGRU
_222
100 1 _921160
_aGrundy, J.
_q(Jesse)
_eauthor.
245 1 0 _aStereochemistry :
_bthe static principles /
_cJ. Grundy, B.Sc., A.R.I.C., lecturer in organic chemistry, Brunel College, London.
264 1 _aLondon :
_bButterworths,
_c1964.
300 _ax, 227 pages :
_billustrations ;
_c21 cm
336 _2rdacontent
_atext
_btxt
337 _aunmediated
_2rdamedia
_bn
338 _avolume
_bnc
_2rdacarrier
504 _aIncludes bibliographical references and index.
650 7 _921159
_aStereochemistry.
_2BUEsh
655 _vReading book
942 _2ddc
_cBB
999 _c14835
_d14835